40 tahun P. K. I. 1920-1960. (Record no. 63083)
[ view plain ]
| 000 -LEADER | |
|---|---|
| fixed length control field | 00612cam a22001931 4500 |
| 001 - CONTROL NUMBER | |
| control field | sa 65003311 |
| 003 - CONTROL NUMBER IDENTIFIER | |
| control field | DLC |
| 005 - DATE AND TIME OF LATEST TRANSACTION | |
| control field | 20260227112122.0 |
| 008 - FIXED-LENGTH DATA ELEMENTS--GENERAL INFORMATION | |
| fixed length control field | 890317s1960 io a 000 0 ind |
| 010 ## - LIBRARY OF CONGRESS CONTROL NUMBER | |
| LC control number | sa 65003311 |
| 035 ## - SYSTEM CONTROL NUMBER | |
| System control number | (OCoLC)23560734 |
| 040 ## - CATALOGING SOURCE | |
| Original cataloging agency | DLC |
| Transcribing agency | MiU |
| Modifying agency | DLC |
| 050 00 - LIBRARY OF CONGRESS CALL NUMBER | |
| Classification number | JQ779.A55 |
| Item number | A463 |
| 110 2# - MAIN ENTRY--CORPORATE NAME | |
| Corporate name or jurisdiction name as entry element | Partai Komunis Indonesia. |
| Subordinate unit | Comite Central. |
| 245 10 - TITLE STATEMENT | |
| Title | 40 tahun P. K. I. 1920-1960. |
| 260 ## - PUBLICATION, DISTRIBUTION, ETC. | |
| Place of publication, distribution, etc. | [Djakarta, |
| Name of publisher, distributor, etc. | Lembaga Sedjarah PKI dari Departemen-Agitasi dan Propaganda C. C. P. K. I., |
| Date of publication, distribution, etc. | 1960?] |
| 300 ## - PHYSICAL DESCRIPTION | |
| Extent | 87 p. |
| Other physical details | (chiefly illus.) |
| Dimensions | 22 x 32 cm. |
| 610 20 - SUBJECT ADDED ENTRY--CORPORATE NAME | |
| Corporate name or jurisdiction name as entry element | Partai Komunis Indonesia. |
No items available.